| 000 | 00377nam a2200145Ia 4500 | ||
|---|---|---|---|
| 008 | 210210b1983 xxu||||| |||| 00| 0 eng d | ||
| 082 | _a331.137 GHOE | ||
| 100 | _aGHOSH (B N), Ed. | ||
| 245 | _aEconomics of underemployment. | ||
| 260 |
_aND _bDeep & Deep Publications _c1983 |
||
| 300 | _a427 | ||
| 650 | _aUnderemployment | ||
| 690 | _aLabour Economics | ||
| 906 | _aSG02907 | ||
| 999 |
_c114006 _d114006 |
||